Ochranárske aktivity po celý rok

Bibliographic Details
Main Author: Petráš, Pavel (Author)
Format: Article
Language:Slovak
Subjects:

MARC

LEADER 00000nab a2200000 a 4500
001 vtls008931876
003 SK-MaSNL
005 20260303071334.0
008 070102 2006 xo w n 000 0 slo
015 |a SLLK2006  |2 sllk 
038 |a SLLK 
040 |a SLLK  |b slo  |c sllk  |e AACR2 
041 0 |a slo 
044 |a xo  |c SK 
080 |a 504.06  |2 1997 
100 1 |a Petráš, Pavel  |4 aut  |9 687284 
245 1 0 |a Ochranárske aktivity po celý rok  |c Pavel Petráš 
610 2 7 |a Pčola (Stará Ľubovňa, Slovensko)  |2 snkbucl  |9 92267 
648 7 |a 2006  |2 snkbucl  |9 313148 
650 0 7 |a environmentálne projekty  |2 sllk  |9 79353 
651 7 |a Stará Ľubovňa (Slovensko)  |2 snkbucl  |9 19193 
773 0 |t Ľubovnianske noviny  |g Roč. XXXII, č. 49 (2006), s. 4 
852 |a SLLK  |b KIS3GCP 
999 |c 1759437  |d 1761367